Pôsobenie ekonomických nástrojov z hľadiska ďalšieho rozvoja miestneho hospodárstva

Gespeichert in:
Bibliographische Detailangaben
1. Verfasser: Šulajová, Irena
Format: Buch
Sprache:Slowakisch
Veröffentlicht: Banská Bystrica VŠE 1980
Tags: Tag hinzufügen
Keine Tags, Fügen Sie das erste Tag hinzu!

MARC

LEADER 00000nam a2200000 4500
001 c033700
005 20260326072626.5
041 0 |a slo 
044 |a SK 
245 1 0 |a Pôsobenie ekonomických nástrojov z hľadiska ďalšieho rozvoja miestneho hospodárstva  |c Irena Šulajová 
264 1 |a Banská Bystrica  |b VŠE  |c 1980 
300 |a 204 s. 
100 1 |a Šulajová, Irena